00457cam a2200169ua 45000010005000000080039000050200018000440400009000620820011000711000030000822450061001122500009001732600032001823000017002146530014002316530042002451852110811n ii |||gr||||Z||||||eng a81-7457-171-X cMAIN a370.54 aMukherji, S. N.,eAuthor.1 aEducation in india today and tomorrowcby S. N. Mukherji a1st. aAgra:bVinod pustak mandir. a176p:c23cm. aEducation aEducation in india today and tomorrow